000 00698nam a2200217 i 4500
001 110781
003 ES-MaACL
007 t|
008 070125s1934 sp ||||1| spa d
080 _a343.1(46)(075.8)
100 1 _aPina, Rafael de.
_992067
245 1 0 _aManual de Derecho procesal penal /
_cRafael de Pina.
250 _a1ª ed.
260 _aMadrid :
_bHijos de Reus,
_c1934.
300 _a380 p. ;
_c23 cm.
490 1 _aBiblioteca jurídica de autores españoles y extranjeros ;
_v175
650 1 4 _aProcedimiento penal-
_zEspaña.
_916429
830 0 _aBiblioteca jurídica de autores españoles y extranjeros ;
_v175
_9182228
852 _aES-MaACL
_jE-3146
999 _c110781
_d110781